All Bay Area Cities to Counties - Statistics

General Stats
  • This quiz has been taken 14 times
  • The average score is 41 of 101
Answer Stats
Hint Answer % Correct
Alameda Alameda
92%
Albany Alameda
67%
Napa Napa
67%
San Francisco San Francisco
67%
Atherton San Mateo
67%
Belmont San Mateo
67%
Cupertino Santa Clara
67%
Oakland Alameda
58%
Concord Contra Costa
58%
Burlingame San Mateo
58%
Half Moon Bay San Mateo
58%
Millbrae San Mateo
58%
San Mateo San Mateo
58%
Los Altos Hills Santa Clara
58%
Los Gatos Santa Clara
58%
San Jose Santa Clara
58%
Santa Clara Santa Clara
58%
Sunnyvale Santa Clara
58%
Sonoma Sonoma
58%
Antioch Contra Costa
50%
Brentwood Contra Costa
50%
Danville Contra Costa
50%
Martinez Contra Costa
50%
Novato Marin
50%
Sausalito Marin
50%
Hillsborough San Mateo
50%
Pacifica San Mateo
50%
Redwood City San Mateo
50%
Gilroy Santa Clara
50%
Los Altos Santa Clara
50%
Milpitas Santa Clara
50%
Morgan Hill Santa Clara
50%
Mountain View Santa Clara
50%
Dixon Solano
50%
Fairfield Solano
50%
Berkeley Alameda
42%
Emeryville Alameda
42%
Fremont Alameda
42%
Newark Alameda
42%
San Leandro Alameda
42%
Orinda Contra Costa
42%
Pinole Contra Costa
42%
Pittsburg Contra Costa
42%
Walnut Creek Contra Costa
42%
San Anselmo Marin
42%
San Rafael Marin
42%
Tiburon Marin
42%
Brisbane San Mateo
42%
Daly City San Mateo
42%
Portola Valley San Mateo
42%
San Bruno San Mateo
42%
San Carlos San Mateo
42%
South San Francisco San Mateo
42%
Campbell Santa Clara
42%
Palo Alto Santa Clara
42%
Saratoga Santa Clara
42%
Vacaville Solano
42%
Santa Rosa Sonoma
42%
Hayward Alameda
33%
Livermore Alameda
33%
Piedmont Alameda
33%
Pleasanton Alameda
33%
Union City Alameda
33%
Hercules Contra Costa
33%
Lafayette Contra Costa
33%
Pleasant Hill Contra Costa
33%
San Pablo Contra Costa
33%
Corte Madera Marin
33%
Larkspur Marin
33%
Mill Valley Marin
33%
St. Helena Napa
33%
Colma San Mateo
33%
Foster City San Mateo
33%
Menlo Park San Mateo
33%
Benicia Solano
33%
Suisun City Solano
33%
Vallejo Solano
33%
Healdsburg Sonoma
33%
Petaluma Sonoma
33%
Dublin Alameda
25%
Clayton Contra Costa
25%
Moraga Contra Costa
25%
Oakley Contra Costa
25%
Richmond Contra Costa
25%
Belvedere Marin
25%
Ross Marin
25%
Calistoga Napa
25%
Yountville Napa
25%
East Palo Alto San Mateo
25%
Woodside San Mateo
25%
Monte Sereno Santa Clara
25%
Sebastopol Sonoma
25%
San Ramon Contra Costa
17%
Cloverdale Sonoma
17%
Rohnert Park Sonoma
17%
Windsor Sonoma
17%
El Cerrito Contra Costa
8%
American Canyon Napa
8%
Rio Vista Solano
8%
Fairfax Marin
0%
Cotati Sonoma
0%
No matching quizzes found
Score Distribution
Percent of People with Each Score
Percentile by Number Answered
Your Score History
You have not taken this quiz